000 00541nam a2200193Ia 4500
005 20250326140811.0
008 250326s9999 xx 000 0 und d
037 _aTextbook
040 _aFMSL
_beng
_cFMSL
041 _aeng
_2eng
084 _aX:87 P7
_qFMSL
100 _aDaniels A C
_9741641
245 0 _aMeasure of a leader
_cDaniels A C; Daniels J E
260 _aNew Delhi
_bNew Delhi, McGraw Hill
_c2007
365 _b1129.2370000000001
650 _aManagement
942 _cTB
_hX:87 P7
999 _c1287346
_d1287346